Normal view
MARC view
Entry Personal Name
001 - CONTROL NUMBER
- control field: 539846
003 - CONTROL NUMBER IDENTIFIER
- control field: OSt
005 - DATE AND TIME OF LATEST TRANSACTION
- control field: 20220930080755.0
008 - FIXED-LENGTH DATA ELEMENTS
- fixed length control field: 220930|| aca||aabn | a|a d
040 ## - CATALOGING SOURCE
- Original cataloging agency: OSt
- Transcribing agency: OSt
100 ## - HEADING--PERSONAL NAME
- Personal name: Rapsang Amy Grace
670 ## - SOURCE DATA FOUND
- Source citation: Work cat.: (OSt)870420: Rapsang Amy Grace, To evaluate the efficacy of intraoperative celiac plexus block with wound infiltration on postoperative analgesia surgical stress response and gut motility in upper abdominal surgery , 2007
